• Niemen Czeslaw

di Personal Name

Records bibliografici associati: 1

001 - CONTROL NUMBER

  • control field: 24938

003 - CONTROL NUMBER IDENTIFIER

  • control field: IT-RoPau

005 - DATE AND TIME OF LATEST TRANSACTION

  • control field: 20140514150252.0

008 - FIXED-LENGTH DATA ELEMENTS

  • fixed length control field: 140514|| aca||aabn | a|a d

040 ## - CATALOGING SOURCE

  • Original cataloging agency: IT-RoPau
  • Transcribing agency: IT-RoPau

100 ## - HEADING--PERSONAL NAME

  • Personal name: Niemen Czeslaw
  • Dates associated with a name: Codice autore musica SPICS: 25094
  • Relator term: Autore musica
  • Name of part/section of a work: Bema Pamieci Zalobny Rapsod - Jednego Serca - Kwiaty Ojczyste - Mow Do Mnie Jeszcze

670 ## - SOURCE DATA FOUND

  • Source citation: Work cat.: (IT-RoPau)102486: AA.VV. 794, Z Archiwum Polskiego Beatu, vol. 25 (Lp Sx 2550)
CREDITS: SOCIETA' SAN PAOLO Via A.Severo, 58 - ROMA (RM) & PERIODICI SAN PAOLO SRL Via Giotto, 36 MILANO & CISF Via Giotto, 36 MILANO & EDIZIONI SAN PAOLO SRL,  Piazza Soncino, 5 CINISELLO BALSAMO (MI) -- ITALY